El Impacto de las AFPs sobre los ingresos de los trabajadores

محفوظ في:
التفاصيل البيبلوغرافية
التنسيق: نص
الموضوعات:
الوسوم: إضافة وسم
لا توجد وسوم, كن أول من يضع وسما على هذه التسجيلة!

MARC

LEADER 00000 a a2200000 04500
001 6230
003
040
245 |a El Impacto de las AFPs sobre los ingresos de los trabajadores  
650 |a SISTEMAS DE JUBILACION  
650 |a PENSIONES DE JUBILACION  
650 |a INGRESO  
650 |a OBREROS  
650 |a LEGISLACION  
650 |a ESTADO  
650 |a SALARIO  
773 |g volumen 18, número 804; páginas 4-5  
999 |c 33855  |d 33855